[Event "Mid Bohemia Region-chT 2223"]
[Site "Czech Republic"]
[Date "2023.04.02"]
[Round "11.7"]
[White "Psenicka, Oldrich"]
[Black "Stolz, Lubor"]
[Result "1-0"]
[WhiteElo "1823"]
[BlackElo "1813"]
[PlyCount "119"]
[EventDate "2022.10.09"]
[EventType "team-tourn"]
[EventRounds "11"]
[EventCountry "CZE"]
[SourceTitle "EXT 2024"]
[Source "ChessBase"]
[SourceDate "2023.10.10"]
[SourceVersion "1"]
[SourceVersionDate "2023.10.10"]
[SourceQuality "1"]
[WhiteTeam "Odolena Voda Aero"]
[BlackTeam "Zdice"]
[WhiteTeamCountry "CZE"]
[BlackTeamCountry "CZE"]

1. e4 d6 2. d4 Nf6 3. Nc3 g6 4. Nf3 Bg7 5. h3 0-0 6. Bc4 Nxe4 7. Nxe4 d5 8. Bd3 dxe4 9. Bxe4 Nd7 10. 0-0 Nf6 11. Bd3 b6 12. c3 Bb7 13. Re1 Qd7 14. Qe2 Nd5 15. Be4 c6 16. Bxd5 cxd5 17. Qxe7 Rfd8 18. Qxd7 Rxd7 19. Bd2 Kf8 20. Bf4 Re8 21. Rac1 h6 22. g4 Re6 23. Rxe6 fxe6 24. Re1 Kf7 25. g5 h5 26. Be5 Re7 27. Bb8 Ba6 28. Re3 Rb7 29. Bd6 Bb5 30. Be5 Bf8 31. Nh4 Be8 32. Rf3+ Kg8 33. Rf6 Bf7 34. Nf3 Be7 35. Rf4 b5 36. a3 a5 37. Bf6 Bd6 38. Ne5 a4 39. Kf1 Rc7 40. Ke2 Bxe5 41. Bxe5 Rc6 42. Rf6 Kf8 43. Bb8 Ke7 44. Ba7 Ke8 45. Bc5 Rc8 46. Ke3 Rc6 47. Kf4 Rc8 48. Ke5 Rc6 49. h4 Ra6 50. f4 Ra8 51. Rxe6+ Bxe6 52. Kxe6 Ra6+ 53. Kxd5 Kd7 54. f5 gxf5 55. Ke5 Re6+ 56. Kxf5 Re2 57. Kg6 Rxb2 58. Kxh5 Rg2 59. Kg6 Rg3 60. h5 1-0

[Event "Mid Bohemia Region-chT 2223"]
[Site "Czech Republic"]
[Date "2022.12.11"]
[Round "5.8"]
[White "Psenicka, Oldrich"]
[Black "Dlouhy, Ondrej"]
[Result "1-0"]
[WhiteElo "1823"]
[BlackElo "1903"]
[PlyCount "113"]
[EventDate "2022.10.09"]
[EventType "team-tourn"]
[EventRounds "11"]
[EventCountry "CZE"]
[SourceTitle "EXT 2024"]
[Source "ChessBase"]
[SourceDate "2023.10.10"]
[SourceVersion "1"]
[SourceVersionDate "2023.10.10"]
[SourceQuality "1"]
[WhiteTeam "Odolena Voda Aero"]
[BlackTeam "Nymburk Sokol"]
[WhiteTeamCountry "CZE"]
[BlackTeamCountry "CZE"]

1. e4 e5 2. Nf3 Nc6 3. Bc4 Bc5 4. c3 Nf6 5. d3 d6 6. h3 h6 7. 0-0 0-0 8. d4 Bb6 9. Re1 exd4 10. cxd4 Nxe4 11. Rxe4 d5 12. Bxd5 Qxd5 13. Nc3 Qd8 14. d5 Ne7 15. Be3 Bf5 16. Ra4 Bd7 17. Rc4 Bxe3 18. fxe3 Nf5 19. Qd2 Re8 20. e4 Nd6 21. Rd4 f6 22. Re1 Nf7 23. Qf2 Rc8 24. Rd2 a6 25. Qd4 Qe7 26. a3 Qd6 27. Ne2 c5 28. dxc6 Qxd4+ 29. Nexd4 Bxc6 30. Nxc6 Rxc6 31. Rd7 Rd8 32. Rxb7 Rc2 33. Kf1 Nd6 34. Rb4 Nc4 35. Re2 Rc1+ 36. Kf2 a5 37. Rb5 Kh7 38. a4 Rd3 39. b3 Nd6 40. Rxa5 Rxb3 41. Rd5 Rb6 42. Rd4 Rc4 43. Rxc4 Nxc4 44. Ra2 Kg6 45. Nd2 Nxd2 46. Rxd2 Rb4 47. Ra2 Rxe4 48. a5 Kf5 49. a6 Re8 50. a7 Ra8 51. Ra6 Ke5 52. Kf3 f5 53. Ke3 g5 54. Ra5+ Kd6 55. Kd4 f4 56. Ra6+ Kd7 57. Rxh6 1-0

[Event "Mid Bohemia Region-chT 2223"]
[Site "Czech Republic"]
[Date "2022.10.30"]
[Round "2.7"]
[White "Psenicka, Oldrich"]
[Black "Laloucek, Miroslav"]
[Result "1-0"]
[WhiteElo "1823"]
[BlackElo "1659"]
[PlyCount "57"]
[EventDate "2022.10.09"]
[EventType "team-tourn"]
[EventRounds "11"]
[EventCountry "CZE"]
[SourceTitle "EXT 2024"]
[Source "ChessBase"]
[SourceDate "2023.10.10"]
[SourceVersion "1"]
[SourceVersionDate "2023.10.10"]
[SourceQuality "1"]
[WhiteTeam "Odolena Voda Aero"]
[BlackTeam "Vlasim II"]
[WhiteTeamCountry "CZE"]
[BlackTeamCountry "CZE"]

1. e4 d5 2. exd5 Nf6 3. Nf3 Nxd5 4. d4 Bg4 5. Be2 e6 6. h3 Bh5 7. 0-0 h6 8. Ne5 Bxe2 9. Qxe2 Nd7 10. Nxd7 Qxd7 11. c3 Bd6 12. Nd2 c6 13. Ne4 0-0-0 14. Qc4 f5 15. Nxd6+ Qxd6 16. b4 b5 17. Qb3 Nb6 18. Re1 Nc4 19. a4 g5 20. axb5 cxb5 21. Rxa7 Rhe8 22. Qa2 e5 23. Ra8+ Kc7 24. Qa7+ Kc6 25. Rxd8 Rxd8 26. dxe5 Qd5 27. e6 Re8 28. Qf7 Nd6 29. Qd7+ 1-0